| 000 | 01095cam a2200301 a 4500 | ||
|---|---|---|---|
| 001 | 2282 | ||
| 005 | 20231115102810.0 | ||
| 020 | _a9781423111481 | ||
| 020 | _a9780545514446 | ||
| 040 |
_aDLC _cDLC _dDLC _beng |
||
| 050 | 0 | 0 |
_aPZ7.K56475 _bGl 2008 |
| 082 | 0 | 0 |
_a480 _223 |
| 100 | 1 | _aKimmel, Elizabeth Cody | |
| 245 | 1 | 0 |
_aGlamsters / _cwritten by Elizabeth Cody Kimmel ; illustrated by Jackie Urbanovic. |
| 250 | _aFirst Scholastic printing, November 2012 | ||
| 260 |
_aNew York : _bScholastic, _c2008 |
||
| 300 |
_a26 unnumbered pages : _bIllustrations _c21x25 cm |
||
| 505 | _aP | ||
| 520 | _aHarriet the hamster is desperate to be adopted, so she gives her sister Patricia and herself glamorous makeovers in hopes they will get more attention when Hamster World has its huge annual sale. | ||
| 521 | 1 |
_a680 _bLexile |
|
| 521 | 1 |
_aP _bRaz-Plus |
|
| 650 | 1 |
_aHamsters _vFiction. |
|
| 650 | 1 |
_aSelf-perception _vFiction. |
|
| 650 | 1 |
_aSelf-confidence _vFiction. |
|
| 700 | 1 |
_aUrbanovic, Jackie _eillustrator |
|
| 906 |
_a7 _bcbc _corignew _d1 _eecip _f20 _gy-gencatlg |
||
| 942 |
_2ddc _cBK _n0 |
||
| 999 |
_c2282 _d2282 |
||